| 000 | 00875cam a22002054a 4500 | ||
|---|---|---|---|
| 005 | 20250605164049.0 | ||
| 008 | 250528s ||||||||||||||||||||||||d | ||
| 035 | _a17209 | ||
| 020 | _a201336243 | ||
| 040 |
_aGR-AtMCL _bgre _dGR-AtMCL _eAACR2 |
||
| 245 | 1 | _aEconomics / Fourth Edition | |
| 250 | _a4th | ||
| 260 |
_bAddison-Wesley Publishing Company, _c1998 |
||
| 300 | _a880 | ||
| 520 | _aA seamless learning system that will change the way you view the world. Introduction, What is Economics? How Market Works, A Closer Look at Demand and Supply, Competition Versus Monopoly, Resource Markets, Market Failure and Government, Macroeconomic Overview, Aggregate Supply and Economic Growth, Aggregate Demand and Inflation, Stabilization Problems and Policies, The Global Economy. | ||
| 700 | 1 |
_aParkin Michael _93320 |
|
| 942 | _cBK | ||
| 999 |
_c2643 _d2643 |
||